Desbordes : una miarada sobre el libro-álbum /
Guardado en:
| Autor Principal: | |
|---|---|
| Otros Autores: | |
| Formato: | Libro |
| Publicado: |
Bahía Blanca :
Ediuns,
2012
|
| Edición: | 1a. reimp. |
| Materias: | |
| Etiquetas: |
Agregar Etiqueta
Sin Etiquetas, Sea el primero en etiquetar este registro!
|
| LEADER | 01240nam a22002295a 4500 | ||
|---|---|---|---|
| 001 | CEM.cems013909 | ||
| 005 | 20130513163019.0 | ||
| 008 | 130507s2012##################000#0#####d | ||
| 003 | CEMS | ||
| 020 | |a 9789871620845 | ||
| 082 | 0 | 4 | |a 804 |
| 100 | 1 | |a Rabasa, Mariel Ivana | |
| 245 | 1 | 0 | |a Desbordes : |b una miarada sobre el libro-álbum / |c Mariel Ivana Rabasa y María Marcela Ramírez |
| 250 | |a 1a. reimp. | ||
| 260 | |a Bahía Blanca : |b Ediuns, |c 2012 | ||
| 300 | |a 249 p. | ||
| 500 | |a Los libros-álbum dan cuenta de los nuevos lenguajes artísticos que la Literatura pone en juego, invitándonos a una lectura en la que la ilustración es fundamental para la construcción de sentido de los textos. Las autoras nos llevan a conocer autores e ilustradores de diversos países y de distintos contextos socioculturales deteniéndose en las imprescindibles Caperucitas como reveladoras del género. nos guían a una nueva forma de leer en la que la consolidación de lo audiovisual provoca un festivo y animado desborde que encantará a los lectores | ||
| 653 | |a Literatura | ||
| 653 | |a Antología literaria | ||
| 653 | |a Literatura infantil | ||
| 700 | 1 | |a Ramírez, María Marcela | |
| 859 | |a CEMS |b BIB. CEMS - 11 de abril |h 804 |i R112 |p 26656.13 |t Ej.1 | ||
